From cataloguing to metadata creation: a cultural and methodological introduction (Record no. 1227377)

MARC details
000 -LEADER
fixed length control field 00655nam a2200205Ia 4500
005 - DATE AND TIME OF LATEST TRANSACTION
control field 20241129110122.0
008 - FIXED-LENGTH DATA ELEMENTS--GENERAL INFORMATION
fixed length control field 241129s9999||||xx |||||||||||||| ||und||
037 ## - SOURCE OF ACQUISITION
Stock number TB
040 ## - CATALOGING SOURCE
Original cataloging agency ARTS
Language of cataloging eng
Transcribing agency ARTS
041 ## - LANGUAGE CODE
Language code of text/sound track or separate title eng
Source of code eng
084 ## - COLON CLASSIFICATION NUMBER
Classification number 2:97(D65,8(B)) R3(2D)
Assigning agency ARTS
100 ## - MAIN ENTRY--PERSONAL NAME
Personal name Guerrini Mauro Au.
9 (RLIN) 727278
245 #0 - TITLE STATEMENT
Title From cataloguing to metadata creation: a cultural and methodological introduction
Statement of responsibility, etc. Guerrini Mauro Au.
260 ## - PUBLICATION, DISTRIBUTION, ETC.
Place of publication, distribution, etc. UK
Name of publisher, distributor, etc. Facet Publishing
Date of publication, distribution, etc. 2023
300 ## - PHYSICAL DESCRIPTION
Extent xxiii,128p.
365 ## - TRADE PRICE
Price type code UKP
Price amount 40
650 ## - SUBJECT ADDED ENTRY--TOPICAL TERM
Topical term or geographic name entry element Library ScienceCataloguing
9 (RLIN) 727279
942 ## - ADDED ENTRY ELEMENTS (KOHA)
Koha item type Textbook
Classification part 2:97(D65,8(B)) R3(2D)
Holdings
Withdrawn status Lost status Damaged status Not for loan Home library Current library Date acquired Source of acquisition Cost, normal purchase price Inventory number Total Checkouts Full call number Barcode Date last seen Price effective from Koha item type
        Arts Library Arts Library 2024-11-29 Segment Book Distributors 40.00 67267 & 04/01/2024   2:97(D65,8(B)) R3(2D) AL1803411 2024-11-29 2024-11-29 Textbook
Copyright @ Delhi University Library System